|
|
|
|
| LEADER |
00954nam a2200277 a 4500 |
| 001 |
000483950 |
| 003 |
CZ BrMZK |
| 005 |
20100215152038.0 |
| 007 |
ta |
| 008 |
910417s1991 xr a f 000 m cze d |
| 020 |
|
|
|a 80-204-0223-3
|q (Brož.)
|
| 040 |
|
|
|a BOA001
|b cze
|
| 080 |
|
|
|a 885.0-32
|2 MRF
|
| 100 |
1 |
|
|a Matoušek, Ivan,
|d 1948-
|7 jn19981001825
|4 aut
|
| 245 |
1 |
0 |
|a Album /
|c Ivan Matoušek ; Doslov Jan Lopatka ; Ilustr. a graf. úprava Martin Augustín
|
| 250 |
|
|
|a 1. vyd.
|
| 260 |
|
|
|a Praha :
|b Mladá fronta,
|c 1991
|
| 300 |
|
|
|a 89 s. :
|b obr. ;
|c 16 cm
|
| 490 |
1 |
|
|a Ladění (Mladá fronta) ;
|v Sv. 23
|
| 500 |
|
|
|a Volné listy v přebalu
|
| 700 |
1 |
|
|a Lopatka, Jan,
|d 1940-1993
|7 jk01072390
|4 wfw
|
| 700 |
1 |
|
|a Augustín, Martin,
|d 1968-
|7 mzk2004261256
|4 ill
|
| 830 |
|
0 |
|a Ladění (Mladá fronta)
|0 s
|
| 910 |
|
|
|a BOA001
|b 1-0964.766
|
| 990 |
|
|
|a BK
|
| 996 |
6 |
|
|b 2619353220
|c 1-0964.766
|l MZK
|r Sklad / do 1 hodiny
|n 1
|w 000483950
|u 000010
|a 1
|e BOA001
|j MZK50
|s P
|